| 000 | 00579cam a2200157 4500500 | ||
|---|---|---|---|
| 005 | 20260405004001.0 | ||
| 041 | _afre | ||
| 042 | _adc | ||
| 100 | 1 | 0 |
_aMoreau, Anne-Sophie _eauthor |
| 245 | 0 | 0 | _aPourquoi Carl Schmitt, sulfureux juriste du IIIe Reich, redevient une référence pour comprendre la géopolitique ? |
| 260 | _c2026. | ||
| 500 | _a80 | ||
| 690 | _aCarl Schmitt | ||
| 786 | 0 | _nPhilosophie magazine | 196 | 1 | 2026-01-01 | p. 18-27 | 1951-1787 | |
| 856 | 4 | 1 | _uhttps://shs.cairn.info/magazine-philosophie-magazine-2026-1-page-18?lang=fr&redirect-ssocas=7080 |
| 999 |
_c2072648 _d2072648 |
||